00322nam a22001217a 4500020000800000040001600008082001700024100001400041245008300055250001200138260003800150300001200188 qPB. cFIZZA ISHAQ a530.078bBOL aBOLTON,W. aPHYSICS EXPERIMENTS & PROJECTS — Volume 2: Waves and Particles /cW. BOLTON. a1ST ED. aNEW YORK:bPERGAMON PRESS,c1968. a97 P. ;